UBT Library

The practice of everyday life / (Record no. 43993)

000 -LEADER
fixed length control field 00626cam a2200229 a 4500
001 - CONTROL NUMBER
control field 3769118
005 - DATE AND TIME OF LATEST TRANSACTION
control field 20180302045231.0
008 - FIXED-LENGTH DATA ELEMENTS--GENERAL INFORMATION
fixed length control field 831028s1984 cau b s000 0 eng
010 ## - LIBRARY OF CONGRESS CONTROL NUMBER
LC control number 83018070
020 ## - INTERNATIONAL STANDARD BOOK NUMBER
International Standard Book Number 0520047508
040 ## - CATALOGING SOURCE
Original cataloging agency DLC
Transcribing agency DLC
Modifying agency DLC
-- OCoLC
041 1# - LANGUAGE CODE
Language code of text/sound track or separate title engfre
080 ## - UNIVERSAL DECIMAL CLASSIFICATION NUMBER
Universal Decimal Classification number 909 CER
082 00 - DEWEY DECIMAL CLASSIFICATION NUMBER
Classification number 909 CER
Edition number 19
100 1# - Rafti
Rafti 50
101 ## - Shkurtesa
Shkurtesa SOC
240 10 - UNIFORM TITLE
Uniform title <a href="Arts de faire.">Arts de faire.</a>
Language of a work English
245 14 - TITLE STATEMENT
Title The practice of everyday life /
Statement of responsibility, etc Michel de Certeau ; translated by Steven Rendall.
504 ## - BIBLIOGRAPHY, ETC. NOTE
Bibliography, etc Bibliography: p. 205-229.
906 ## - LOCAL DATA ELEMENT F, LDF (RLIN)
a 7
b cbc
c orignew
d 1
e ocip
f 19
g y-gencatlg
942 ## - ADDED ENTRY ELEMENTS (KOHA)
Source of classification or shelving scheme
Item type Books
Holdings
Withdrawn status Lost status Source of classification or shelving scheme Damaged status Not for loan Collection code Permanent location Current location Shelving location Date acquired Total Checkouts Full call number Barcode Date last seen Price effective from Koha item type
          Koleksioni i përgjithshem UBT - Lipjan UBT - Lipjan Koleksioni i përgjithshem 03/02/2018   909 CER 002-3000482 03/02/2018 03/02/2018 Books
UBT Library © 2015-2024. All rights reserved University Education for Business and Technology